Die größten Städte mit O - Statistiken

Allgemein
  • Dieses Quiz wurde 283 mal gespielt
  • Das Durchschnittsergebnis liegt bei 6 aus 20
Antwortstatistiken
Einwohner Antwort Land % Korrekt
17.700.000 Osaka Japan
93%
1.230.000 Oslo Norwegen
88%
1.350.000 Ottawa Kanada
88%
1.100.000 Odessa Ukraine
60%
3.700.000 Orlando USA
59%
1.200.000 Oklahoma City USA
55%
1.160.000 Omsk Russland
49%
1.090.000 Ouagadougou Burkina Faso
46%
1.600.000 Oran Algerien
35%
446.000 Omaha USA
23%
550.000 Orenburg Russland
12%
2.100.000 Okayama Japan
8%
1.300.000 Onitsha Nigeria
7%
740.000 Oyo Nigeria
6%
450.000 Oita Japan
4%
2.000.000 Ordos China
2%
1.050.000 Oshogbo Nigeria
2%
735.000 Orumiyeh (auch Urmia Genannt) Iran
1%
680.000 Osasco Brasilien
1%
480.000 Okene Nigeria
0%
Keine übereinstimmenden Quizze gefunden
Verteilung der Resultate
Anzahl Personen mit jedem Resultat
Perzentil nach korrekt beantworteten Fragen
Ihre Resultats-Entwicklung
Sie haben dieses Quiz noch nicht gespielt